Office yoga: tackling tension with simple stretches you can do at your desk (Record no. 402494)

000 -LEADER
fixed length control field 00461cam a22001577a 4500
008 - FIXED-LENGTH DATA ELEMENTS--GENERAL INFORMATION
fixed length control field 180718b2000 xxu||||| |||| 00| 0 eng d
020 ## - INTERNATIONAL STANDARD BOOK NUMBER
International Standard Book Number 8120815424
082 ## - DEWEY DECIMAL CLASSIFICATION NUMBER
Classification number AA F912
100 ## - MAIN ENTRY--PERSONAL NAME
Personal name Friedeberger, Julie
245 ## - TITLE STATEMENT
Title Office yoga: tackling tension with simple stretches you can do at your desk
Statement of responsibility, etc. by Julie Friedeberger
260 ## - PUBLICATION, DISTRIBUTION, ETC.
Place of publication, distribution, etc. Delhi
Name of publisher, distributor, etc. Motilal Banarsidass
Date of publication, distribution, etc. 2000
300 ## - PHYSICAL DESCRIPTION
Extent 155p.
650 ## - SUBJECT ADDED ENTRY--TOPICAL TERM
Topical term or geographic name entry element (Written off)
650 ## - SUBJECT ADDED ENTRY--TOPICAL TERM
Topical term or geographic name entry element Yoga, Kriya
650 ## - SUBJECT ADDED ENTRY--TOPICAL TERM
Topical term or geographic name entry element Yoga
Holdings
Withdrawn status Lost status Damaged status Not for loan Permanent Location Current Location Date acquired Full call number Barcode Date last seen Price effective from Koha item type
        Indian Institute of Public Administration Indian Institute of Public Administration 2004-04-19 AA F912 79200 2018-07-21 2018-07-21 Book

Powered by Koha